Normal view
MARC view
Entry Corporate Name
001 - CONTROL NUMBER
- control field: 38349
003 - CONTROL NUMBER IDENTIFIER
- control field: ARRUPE
005 - DATE AND TIME OF LATEST TRANSACTION
- control field: 20180110153154.0
008 - FIXED-LENGTH DATA ELEMENTS
- fixed length control field: 180110|| aca||aabn | a|a d
040 ## - CATALOGING SOURCE
- Original cataloging agency: ARRUPE
- Transcribing agency: ARRUPE
110 ## - HEADING--CORPORATE NAME
- Corporate name or jurisdiction name as entry element: Theology, Eastern Church
670 ## - SOURCE DATA FOUND
- Source citation: Work cat.: (ARRUPE)0: Meyendorff, John, 1926-1992. 16519, Christ in Eastern Christian thought /, 1975.